| 000 | 00544cam a2200181 a 4500 | ||
|---|---|---|---|
| 020 | _a0521288029 (pbk.) | ||
| 020 | _a9780521288026 (pbk.) | ||
| 040 | _cDLC | ||
| 082 | _a624 CAM 1982 A038 Co. | ||
| 100 | 1 | _aClegg, Frances. | |
| 245 | 1 | 0 |
_aSimple statistics : _ba course book for the social sciences / |
| 260 |
_aCambridge [Cambridgeshire] ; _aNew York : _bCambridge University Press, _c1982. |
||
| 300 |
_aviii, 200 p. : _bill. ; _c24 cm. |
||
| 500 | _aIncludes index. | ||
| 650 | 0 | _aSocial sciences | |
| 650 | 0 | _aStatistics. | |
| 942 | _cEK | ||
| 999 |
_c11705 _d11705 |
||